000 01030nam a2200277 i 4500
003 DO-SdBNP
005 20240307081205.0
007 ta
008 240307s1985 dr a 000 0 spa d
040 _aDO-SdBNP
_bspa
_cBNPHU
_erda
082 4 _222
_bC733r
100 _984963
110 _aComisión Organizadora Permanente de la Feria Nacional del Libro
_984987
245 _aReglamento de administración de la Feria Nacional del Libro
264 1 _aSanto Domingo :
_bComisión Organizadora Permanente de la Feria Nacional del Libro,
_c1985.
300 _a9 páginas :
_c22 cm.
336 _2rdacontent
_atexto
_btxt
337 _2rdamedia
_asin mediación
_bn
338 _2rdacarrier
_avolumen
_bnc
590 _aInventariado, 2024/ DG
700 _961577
740 0 _aThe great change : the social and economic transformation of the Dominican Republic, 1963-2013
740 0 _aLe grand changement : la transformation sociale et économique de la Republique Dominicaine, 1963-2013
910 _aDG
942 _2ddc
_cLF2
999 _c56051
_d56051